MDQL
is popping MORE tags! Check the
thread
!
Quizzes
Events
Quiz Creation
Community
Videos
Private Events
Remove Ads
Sign In
Join for FREE
Feedback
Dark Mode
Quiz Categories
Sports
Geography
Music
Movies
Television
Just For Fun
Miscellaneous
History
Literature
Language
Science
Gaming
Entertainment
Religion
Holiday
For Kids
Quiz Lab
Recent
Popular Today
Quiz Kudos Today
Editor Picks
Curator Picks
Quizzes by...
Day
Popularity
Type
Ratings
Length
Year
Community
Subscriptions
Recent Discussions
Orange Saloon
Badges
Playlists
Quests
Create
Leaderboards
Showdown
Live 5
Trivia Bingo
Activity
Puzzle Library
Sporcle Events
Private Events
Virtual Trivia
Globe League
Become a Host
Pub Owners
SporcleCon
Opinionation
Our Games
Videos
Blog
Mobile Apps
Partnerships
Remove Ads and Go Orange
Feedback
Sports
Athletes
MLB
NBA
NHL
NFL
Soccer
Sports Teams
WWE
NCAA
Football
Premier League
Basketball
Baseball
Hockey
Golf
Tennis
Cricket
Rugby
Auto Racing
Olympics
World Cup
Sports
Athletes
MLB
NBA
NHL
NFL
Soccer
Sports Teams
WWE
NCAA
Football
Premier League
Basketball
Baseball
Hockey
Golf
Tennis
Cricket
Rugby
Auto Racing
Olympics
World Cup
Random Quiz
Search Sporcle
×
Quiz Lab
Quiz Lab
Sports
World
Type in answers that appear in a list
Type in answers that appear in a list
Classic
Best Score? Go Orange.
Track Cycling World Championships 2017 Stats
Can you name the Track Cycling World Champions 2017?
By
weerab98
10m
60 Questions
46 Plays
46 Plays
46 Plays
Comments
Comments
Give Quiz Kudos
Give Quiz Kudos
-
- Ratings
hide this ad
More Info
Replay
Link that replays current quiz
Next Quiz
Link to next quiz in quiz playlist
You Got
0%
They Got
Avg Score
27%
Avg Friend Score
Upgrade to see
Score Distribution
Jump to the score distribution portion of the page
Score
0/60
Timer
10:00
0
Plays Today
Event
Rider
% Correct
Womens Madison
Great Britain
82.6%
Mens Team Sprint
France
78.3%
Mens Madison
France
78.3%
Mens Team Pursuit
Australia
76.1%
Womens Team Pursuit
Australia
76.1%
Womens Team Sprint
Australia
76.1%
Mens Madison
Australia
76.1%
Womens Madison
Australia
76.1%
Womens Team Sprint
Germany
73.9%
Mens Team Pursuit
New Zealand
71.7%
Womens Team Pursuit
New Zealand
71.7%
Mens Team Sprint
New Zealand
71.7%
Mens Team Sprint
Netherlands
69.6%
Mens Team Pursuit
Italy
63%
Womens Team Pursuit
USA
58.7%
Womens Team Sprint
Russia
45.7%
Mens Madison
Belgium
45.7%
Womens Madison
Belgium
45.7%
Womens Individual Sprint
Kristina Vogel
23.9%
Womens Keirin
Kristina Vogel
23.9%
Womens Omnium
Kirsten Wild
23.9%
Mens Points Race
Kenny De Ketele
23.9%
Womens Points Race
Kirsten Wild
23.9%
Mens Keirin
Azizulhasni Awang
21.7%
Mens Omnium
Benjamin Thomas
21.7%
Womens Scratch Race
Jolien D'Hoore
21.7%
Womens Omnium
Katie Archibald
17.4%
Mens Individual Pursuit
Filippo Ganna
17.4%
Womens Points Race
Sarah Hammer
15.2%
Mens Individual Sprint
Denis Dmitriev
13%
Event
Rider
% Correct
Mens Individual Sprint
Harrie Lavreysen
13%
Mens 1Km Time Trial
Francois Pervis
10.9%
Mens Scratch Race
Adrian Teklinski
10.9%
Mens Scratch Race
Chris Latham
8.7%
Womens Scratch Race
Elinor Barker
8.7%
Mens Points Race
Cameron Meyer
8.7%
Womens Points Race
Elinor Barker
8.7%
Mens Keirin
Fabian Puerta
6.5%
Womens Keirin
Nicky Degrendele
6.5%
Mens Omnium
Aaron Gate
6.5%
Mens Omnium
Albert Torres
6.5%
Womens 500m Time Trial
Miriam Welte
6.5%
Womens 500m Time Trial
Anastasiia Voinova
6.5%
Womens Individual Sprint
Lee Wai Sze
4.3%
Mens Keirin
Tomas Babek
4.3%
Womens Individual Pursuit
Chloe Dygert
4.3%
Mens 1Km Time Trial
Tomas Babek
4.3%
Mens 1Km Time Trial
Quentin Lafargue
4.3%
Womens Individual Sprint
Stephanie Morton
2.2%
Mens Individual Pursuit
Jordan Kerby
2.2%
Womens Individual Pursuit
Ashlee Ankudinoff
2.2%
Womens 500m Time Trial
Daria Shmeleva
2.2%
Womens Scratch Race
Rachele Barbieri
2.2%
Mens Points Race
Wojciech Pszczolarski
2.2%
Mens Individual Sprint
Ethan Mitchell
0%
Womens Keirin
Martha Bayona
0%
Womens Omnium
Amy Cure
0%
Mens Individual Pursuit
Kelland O'Brien
0%
Womens Individual Pursuit
Kelly Catlin
0%
Mens Scratch Race
Lucas Liss
0%
Quiz Playlist
Details
Report
Send in Message
Add To Playlist
More Info:
Enter country for team events
Classic:
Type in answers that appear in a list
Last Updated: May 14, 2017
Quiz Scoreboard
CHALLENGE
Sign Up to Join the Scoreboard
Show All
Scores
Hide
Comments
May contain spoilers
Recently Published
1-10 Letter E Words III
by El_Dandy
Language
2m
Street Fighter Characters
by Artimus82
Gaming
60s
College Basketball Coaching Resumes
by pancakes188
Sports
9m
More to Explore
Quiz From the Vault
Featured Blog Post
Where Did the Easter Bunny Come From?
hide this ad
You Might Also Like...
Tags
World Quiz
bike
champion
Cycle
Cycling
Cycling Team
Medal
Medal Winners
track
uci
UCI Cycling
World Championships
Today's Top Quizzes in Sports
Browse Sports
hide this ad
Today's Top Quizzes in World
Browse World
Top Contributed Quizzes in Sports
1
2022 World Cup Stars
2
Les meilleurs buteurs des matchs entre le PSG et l’OM
3
FIFA Club World Cup Champions
4
Les entraîneurs de l'OM et du PSG au 21e siècle
5
Criteria MLB: Left Handed Sluggers
6
2023 MLB Unique Player Accomplishments
7
AFC Teams Reveal (Wrong Answers Minefield)
8
Players with Multiple 50 Home Run Seasons
9
5-to-1: FBS Animal Nicknames
10
5-to-1: UK Sports Teams
Explore More
Trending Topics
Disney
Harry Potter
NBA
Kpop
Crossword
Marvel
Anime
The Office
NFL
Country
Song
WWE
Pokémon
Puzzle
Soccer
hide this ad
More By:
weerab98
Quiz
Plays
Rating
Category
Featured
Created
Swimming at the Tokyo 2020 Olympics
328
5.00
Sports
Aug 1, 2021
Cycling at the Rio 2016 Olympics
263
5.00
Sports
Aug 21, 2016
Team GB 2012 cyclists
191
4.80
Sports
Aug 9, 2012
Team Sky Riders 2013
126
4.50
Sports
Jun 26, 2013
Tokyo 2020 Olympic Men's Road Race Startlist
125
Sports
Jul 21, 2021
Go to Creator's Profile
Score Distribution
Quiz Creator Spotlight
weerab98
Follow
Send a Message
Quizzes Created
-
Created Quiz Play Count
-
More By This Creator
Popular Quizzes Today
1
Find the US States - No Outlines Minefield
2
Find the Countries of Europe - No Outlines Minefield
3
The Countries of the World
4
Find the US States
5
Risky Map Clicking: Biggest States A-Z
6
US States
7
Popular People in 1961
8
Movies - When Are They Set?
More Sports Quizzes
MLB ERA Title Blitz - 2010s
Published
Trending Quizzes
Risky Map Clicking: Least Populous States A-Z
USA Borders Longest to Shortest
1-10 Letter G Words
1-10 Letter F Words
Countries of the World: 200 Million BC
Recently Updated
Leaping Animals
pecheneg
Reality TV Shows (A-Z)
bhenderson79
Rickey Henderson's Hall of Fame Teammates
pecheneg
Champions League XIs: Arsenal
pecheneg
Quick Pick: Celebrities in WWE's Hall of Fame
aduchscher
A-Z Keypad Blitz II
pecheneg
Multiple Oscar Actors
pecheneg
Mystery Phrase Blitz: Oscar 'Best Actors'
pecheneg
F. Scott Fitzgerald Novels
LTH
Pick 3 Villains
ddd62291
Trending Topics
Disney
Kpop
Crossword
Harry Potter
Marvel
Anime
NBA
Pokémon
The Office
Country
Puzzle
Soccer
Song
NFL
WWE
Your Account Isn't Verified!
In order to create a playlist on Sporcle, you need to verify the email address you used during registration. Go to your
Sporcle Settings
to finish the process.
Report this User
Report this user for behavior that violates our
Community Guidelines
.
Details:
Send Report
Go to the Sporcle.com Mobile Site →
Comments